000
00386nam a2200145Ia 4500
008
230917s9999||||xx |||||||||||||| ||und||
040
_e
172662
_a
MAIN
041
_a
English
082
_a
891.432741 SL41T
100
_a
सहगल ललित
245
0
_a
स्वप्न द्वीप
260
_a
दिल्ली
_b
उमेश
_c
1978
300
_a
128 p.
942
_c
HN
999
_c
193182
_d
193182